La gestión de la incertidumbre (Registro nro. 14500)

Detalles MARC
000 -LEADER
fixed length control field 00349 a2200121 4500
001 - CONTROL NUMBER
control field ART_10263
005 - DATE AND TIME OF LATEST TRANSACTION
control field 20260410161654.0
008 - FIXED-LENGTH DATA ELEMENTS--GENERAL INFORMATION
fixed length control field 260409a
100 1# - MAIN ENTRY--PERSONAL NAME
Personal name Hamel, Gary
245 10 - TITLE STATEMENT
Title La gestión de la incertidumbre
700 1# - ADDED ENTRY--PERSONAL NAME
Personal name Prahalad, C. K.
773 0# - HOST ITEM ENTRY
Title Harvard Deusto Business Review
Related parts - Nº 92 (sep./oct. 1999)
Record control number REV521

No hay ítems disponibles.